000 00488nam a22001937a 4500
003 LK-CoDNM
005 20250206125501.0
008 250131b |||||||| |||| 00| 0 eng d
040 _aLK-CoDNM
_dLK-CoDNM
_eLK-CoDNM
041 _aeng
080 _a222
100 _aChamberlain,Noble e
245 _aSymptoms and Signs in Clinical Medicines
250 _afourth
260 _alondon
_bsimpkin marshall ltd.
_c1915
300 _a500p. ; 25 cm
650 _ascience
942 _cBK
999 _c237943
_d237943